Service charges (Record no. 80102)

MARC details
000 -LEADER
fixed length control field 01425cab a22002295a 4500
001 - CONTROL NUMBER
control field L143235
008 - FIXED-LENGTH DATA ELEMENTS--GENERAL INFORMATION
fixed length control field 080418s2008 xxk f v 000 0 eng d
035 ## - SYSTEM CONTROL NUMBER
System control number (Sirsi) u143235
041 0# - LANGUAGE CODE
Language code of text/sound track or separate title eng
245 00 - TITLE STATEMENT
Title Service charges
Remainder of title date for payment, terms of the lease
260 ## - PUBLICATION, DISTRIBUTION, ETC.
Date of publication, distribution, etc. 2008
490 #0 - SERIES STATEMENT
Series statement Commercial Leases
Volume/sequential designation 22(2) March 2008, 1314-1317(4)
520 ## - SUMMARY, ETC.
Summary, etc. Summarises and discusses the case of Leonora Investment Company Ltd v Mott MacDonald Ltd [2008] 136 (QB). Notes that service charges are usually important to commercial tenants who need to keep an eye on occupancy costs. Service charges can sometimes be greater than the rack rental. Covers the background to the case; the preliminary issue; the leases (including extracts from the lease); submissions and the decision. Finds this is an important case for landlords and tenants as well as managing agents. Concludes that the preparation and issue of service documentation is onerous but essential and must be done with the utmost care.
590 ## - LOCAL NOTE (RLIN)
Local note KA
650 24 - SUBJECT ADDED ENTRY--TOPICAL TERM
Topical term or geographic name entry element LEONORA V MOTT MACDONALD
650 24 - SUBJECT ADDED ENTRY--TOPICAL TERM
Topical term or geographic name entry element UNIVERSITIES SUPERANNUATION SCHEME LTD V MARKS & SPENCER PLC
650 24 - SUBJECT ADDED ENTRY--TOPICAL TERM
Topical term or geographic name entry element FINCHBOURNE LTD V RODRIGUES
650 24 - SUBJECT ADDED ENTRY--TOPICAL TERM
Topical term or geographic name entry element NORTHWAYS FLATS MANAGEMENT COMPANY(CAMDEN) LTD V WIMPEY PENSION TRUSTEES LTD
651 #4 - SUBJECT ADDED ENTRY--GEOGRAPHIC NAME
Geographic name England and Wales
Chronological subdivision 1543-
690 ## - LOCAL SUBJECT ADDED ENTRY--TOPICAL TERM (OCLC, RLIN)
Topical term or geographic name as entry element PROPERTY-COMMERCIAL PROPERTY-COMMERCIAL LANDLORD AND TENANT-COMMERCIAL SERVICE CHARGES
942 ## - ADDED ENTRY ELEMENTS (KOHA)
Suppress in OPAC 0
Holdings
Withdrawn status Lost status Source of classification or shelving scheme Damaged status Not for loan Home library Current library Shelving location Date acquired Total Checkouts Full call number Barcode Date last seen Copy number Price effective from Koha item type
    Dewey Decimal Classification     London London Journal article 18/04/2008   L143235 143235-1001 06/08/2019 1 06/08/2019 Journal article